| Registos Bibliográficos associados ao registo de autoridade |
|
Etiqueta de registo: 00000nkm 2200025 450 001 2269113 003 http://id.bnportugal.gov.pt/bib/catbnp/2269113 100 ## $a20260219d1975 m y0pory01030103ba 101 0# $apor 102 ## $aPT 200 1# $aPoster 1.º de Maio, jornal novo, por Francisco Relógio$bVisual gráfico]$fFrancisco Relógio 210 #9 $a[S.l.]$cJornal Novo,$d1975$e[S.l]$g) 215 ## $a1 cartaz frente e verso$ccolor.$d47,8x63cm 317 ## $aColeção Madeira Luís 702 #1 $aRelógio,$bFrancisco,$f1926-1997$4410$3106178 710 02 $aJornal Novo$31986305 801 #0 $aPT$bBN$gRPC 966 ## $lBN$mICONOG$sCT. 21841 A.$x3 971 ## $cCaticonografia10$d20260219 995 ## $aPRR2026 $d20260219$iCaticonografia10
|
|
|